[Event "European Blitz Championship 2021"]
[Site "Katowice"]
[Date "2021.12.17"]
[Round "22.27"]
[White "Blohberger, Felix"]
[Black "Snihur, Piotr"]
[Result "0-1"]
[WhiteElo "2490"]
[BlackElo "2237"]
[Annotator "ChessBase"]
[PlyCount "76"]
[EventDate "2021.12.17"]
[EventType "swiss"]
[EventCountry "POL"]
[SourceTitle "playchess.com"]
[Source "ChessBase"]
[SourceQuality "1"]

1. e4 c5 2. Nf3 d6 3. Bb5+ Bd7 4. Bxd7+ Nxd7 5. c4 Ngf6 6. Nc3 e6 7. O-O Ne5 8.
d3 Be7 9. a3 O-O 10. Re1 Nfd7 11. b4 Bf6 12. Bb2 Nxf3+ 13. Qxf3 Bd4 14. Qe2 Ne5
15. Red1 Qf6 16. Ra2 Rfd8 17. Nb5 Bxb2 18. Rxb2 a6 19. Nc3 Nxc4 20. dxc4 Qxc3
21. bxc5 dxc5 22. Rxb7 Qxa3 23. h3 h6 24. Qh5 Rxd1+ 25. Qxd1 Qc3 26. Qd7 Rf8
27. Rc7 Qxc4 28. Qd6 Qxe4 29. Qxa6 Qe1+ 30. Qf1 Qe5 31. Rd7 Ra8 32. g3 Ra1 33.
Rd1 Rxd1 34. Qxd1 Qd4 35. Qf3 c4 36. Qa8+ Kh7 37. Kf1 Qd1+ 38. Kg2 Qd5+ 0-1

[Event "European Blitz Championship 2021"]
[Site "Katowice"]
[Date "2021.12.17"]
[Round "22.27"]
[White "Luberanski, Jakub"]
[Black "Posluszny, Tomasz"]
[Result "1/2-1/2"]
[WhiteElo "2072"]
[BlackElo "1803"]
[Annotator "NA"]
[PlyCount "106"]
[EventDate "2021.12.17"]
[EventType "swiss"]
[EventCountry "POL"]
[SourceTitle "playchess.com"]
[Source "ChessBase"]
[SourceQuality "1"]

1. d4 d5 2. c4 e6 3. Nc3 a6 4. cxd5 exd5 5. Nf3 c6 6. Bg5 Be7 7. Bxe7 Nxe7 8.
e3 Bf5 9. Qb3 b5 10. Be2 Nd7 11. O-O O-O 12. Rfc1 Qb6 13. Qd1 h6 14. a3 Qb7 15.
Nd2 Nc8 16. b4 Nd6 17. Nb3 Nc4 18. Bxc4 bxc4 19. Na5 Qc7 20. e4 Be6 21. exd5
cxd5 22. Qf3 Nb6 23. Ne2 g5 24. Nb3 Qe7 25. Nc5 f5 26. Nc3 Qd6 27. Re1 Rae8 28.
Re5 f4 29. Rae1 Bf7 30. Rxe8 Rxe8 31. Rxe8+ Bxe8 32. Nxa6 Qf6 33. Qd1 Bg6 34.
Nc5 g4 35. Qxg4 Kh7 36. Qd1 Bd3 37. Nxd3 Qxd4 38. Ne2 Qxd3 39. Qxd3+ cxd3 40.
Nc3 Nc4 41. Kf1 Nxa3 42. Nxd5 Nc2 43. Nxf4 Nxb4 44. Ke1 Kg7 45. Kd2 Kf6 46.
Nxd3 Nd5 47. g3 Kf5 48. Ke2 Kg4 49. h4 Nc3+ 50. Ke3 Nd1+ 51. Ke4 Nxf2+ 52.
Nxf2+ Kxg3 53. h5 Kh4 1/2-1/2

[Event "European Blitz Championship 2021"]
[Site "Katowice"]
[Date "2021.12.17"]
[Round "22.28"]
[White "Kjartansson, Gudmundur"]
[Black "Bauer, Thomas"]
[Result "0-1"]
[WhiteElo "2382"]
[BlackElo "2204"]
[Annotator "NA"]
[PlyCount "88"]
[EventDate "2021.12.17"]
[EventType "swiss"]
[EventCountry "POL"]
[SourceTitle "playchess.com"]
[Source "ChessBase"]
[SourceQuality "1"]

1. c4 e5 2. d3 Bc5 3. a3 d6 4. b4 Bb6 5. e3 a5 6. Bb2 Nc6 7. b5 Nce7 8. Nf3 Nh6
9. Be2 O-O 10. O-O f5 11. d4 e4 12. Nfd2 g5 13. a4 Qe8 14. Nb3 c6 15. c5 Bc7
16. b6 Bb8 17. f4 exf3 18. Bxf3 d5 19. Bh5 Ng6 20. Qe1 Qe4 21. Nc3 Qc2 22. Bd1
Qxb2 23. Rf2 Qxf2+ 24. Qxf2 f4 25. e4 dxe4 26. Nxe4 g4 27. Nbd2 g3 28. Qf1
gxh2+ 29. Kh1 Nf5 30. Qc4+ Kh8 31. Nf3 Re8 32. Neg5 Re7 33. Kxh2 h6 34. Nh3 Be6
35. Qc2 Rg7 36. Be2 Ne3 37. Qb2 Ne7 38. Bf1 N7d5 39. Re1 Ng4+ 40. Kg1 Nge3 41.
Kh2 Ng4+ 42. Kg1 Nge3 43. Qd2 Bxh3 44. Ne5 Nxf1 0-1

[Event "European Blitz Championship 2021"]
[Site "Katowice"]
[Date "2021.12.17"]
[Round "22.28"]
[White "Cieslak, Patryk"]
[Black "Praczukowski, Stanislaw"]
[Result "1/2-1/2"]
[WhiteElo "1387"]
[BlackElo "2069"]
[Annotator "NA"]
[PlyCount "97"]
[EventDate "2021.12.17"]
[EventType "swiss"]
[EventCountry "POL"]
[SourceTitle "playchess.com"]
[Source "ChessBase"]
[SourceQuality "1"]

1. e4 c5 2. Nf3 d6 3. d4 cxd4 4. Nxd4 Nf6 5. f3 e5 6. Nb3 a5 7. Bb5+ Nbd7 8. a4
Be7 9. O-O O-O 10. c4 Nb6 11. Be3 Be6 12. Na3 Qc7 13. Rc1 Nbd7 14. Qd2 Rfc8 15.
Rfd1 b6 16. Bxd7 Bxd7 17. Nb5 Qb8 18. Qf2 Rc6 19. Nd2 Be6 20. b3 Nd7 21. Nb1
Nc5 22. Qb2 f5 23. N1c3 f4 24. Bxc5 Rxc5 25. Nd5 Bf8 26. Kf2 Rc8 27. Qd2 Qb7
28. Kg1 Rd8 29. Qf2 Rab8 30. Ndc7 Bf7 31. Nd5 Rdc8 32. Ndc3 Qd7 33. Rd2 Rc6 34.
Rcd1 Rbc8 35. Nd5 Qb7 36. Ndc3 Qd7 37. Nd5 Qb7 38. Ndc3 Qb8 39. Rd3 Be6 40. Nd5
Kh8 41. R1d2 g5 42. Qe1 Qb7 43. Ndc3 Be7 44. Nxd6 Bxd6 45. Rxd6 Rxd6 46. Rxd6
Qe7 47. Qd2 Kg7 48. Nb5 Rb8 49. Qf2 1/2-1/2

[Event "European Blitz Championship 2021"]
[Site "Katowice"]
[Date "2021.12.17"]
[Round "22.29"]
[White "Spalir, Jernej"]
[Black "Kukula, Pawel"]
[Result "1-0"]
[WhiteElo "2368"]
[BlackElo "2191"]
[Annotator "NA"]
[PlyCount "126"]
[EventDate "2021.12.17"]
[EventType "swiss"]
[EventCountry "POL"]
[SourceTitle "playchess.com"]
[Source "ChessBase"]
[SourceQuality "1"]

1. d4 e6 2. Nf3 f5 3. c4 Nf6 4. g3 Be7 5. Bg2 d6 6. O-O O-O 7. Nc3 Ne4 8. Qc2
Nxc3 9. Qxc3 a5 10. Rd1 Qe8 11. c5 Nc6 12. cxd6 cxd6 13. d5 exd5 14. Rxd5 Be6
15. Rd1 Bf6 16. Qa3 Nb4 17. Ne1 d5 18. Bd2 Qb5 19. Bf1 d4 20. e3 Qb6 21. Nd3
Nc2 22. Qc5 Qxc5 23. Nxc5 Bd5 24. Rac1 Nb4 25. a3 Nc6 26. Nd7 Rf7 27. Nb6 Rd8
28. Nxd5 Rxd5 29. Bc4 Rdd7 30. Bxf7+ Kxf7 31. exd4 Nxd4 32. Be3 Nf3+ 33. Kg2
Rxd1 34. Rxd1 Ne5 35. Bd4 Ke6 36. Bxe5 Bxe5 37. b3 Bd6 38. a4 Bb4 39. Rd8 b6
40. h4 h6 41. h5 Ke7 42. Rd5 Ke6 43. Rd3 Kf6 44. f4 Bc5 45. Kf3 Bg1 46. Rd6+
Kf7 47. Rc6 Bd4 48. Ke2 Bg1 49. Kd3 Bf2 50. Rg6 Bc5 51. Kc4 Bf2 52. Kb5 Kf8 53.
Rxb6 Bxg3 54. Kc4 Bxf4 55. Rb5 Bd2 56. Rxf5+ Ke7 57. Kd5 Bb4 58. Rf4 Bd2 59.
Rf3 Bb4 60. Ke5 Ba3 61. Kf5 Bb2 62. Kg6 Kd6 63. Rf5 Kc6 1-0

[Event "European Blitz Championship 2021"]
[Site "Katowice"]
[Date "2021.12.17"]
[Round "22.29"]
[White "Mazurkiewicz, Michal"]
[Black "Warchol, Kamil"]
[Result "1-0"]
[WhiteElo "2067"]
[BlackElo "1706"]
[Annotator "NA"]
[PlyCount "143"]
[EventDate "2021.12.17"]
[EventType "swiss"]
[EventCountry "POL"]
[SourceTitle "playchess.com"]
[Source "ChessBase"]
[SourceQuality "1"]

1. e4 c5 2. Nf3 e6 3. d3 a6 4. g3 b5 5. Bg2 Bb7 6. O-O d6 7. Re1 Nd7 8. c3 Ngf6
9. Nbd2 Be7 10. d4 cxd4 11. cxd4 e5 12. d5 O-O 13. Nb3 a5 14. Bd2 a4 15. Nc1
Nc5 16. Nh4 Re8 17. Nf5 Bf8 18. Bg5 h6 19. Bxf6 Qxf6 20. Nd3 Rec8 21. Rc1 Nxd3
22. Qxd3 Ba6 23. Qd2 Qd8 24. Bh3 Qb6 25. Rxc8 Rxc8 26. Rc1 Rc7 27. Bf1 h5 28.
Rxc7 Qxc7 29. Qc3 Qxc3 30. bxc3 g6 31. Ne3 Be7 32. Nc2 Bd8 33. Na3 Ba5 34. Bxb5
Bxb5 35. Nxb5 Kf8 36. Nxd6 Bxc3 37. Kf1 Ke7 38. Nb5 Bb4 39. Ke2 Bc5 40. f4 f6
41. h3 Bg1 42. Kf3 Bc5 43. Nc3 a3 44. Nd1 Bd4 45. Ne3 Bc3 46. Nc4 Bb4 47. fxe5
fxe5 48. Nxe5 Kf6 49. Nd3 Bd6 50. Kf2 g5 51. Kf3 Bc7 52. g4 h4 53. Ke3 Bb6+ 54.
Kd2 Bd4 55. Kc2 Bb6 56. Kb3 Bc7 57. Kxa3 Bd6+ 58. Kb3 Ke7 59. e5 Bb8 60. Kc4
Kd7 61. a4 Ba7 62. Kb5 Kc7 63. Nc5 Kc8 64. Kc6 Kd8 65. Ne6+ Ke8 66. Nxg5 Be3
67. Ne6 Ke7 68. a5 Ba7 69. a6 Be3 70. Nc5 Bd4 71. a7 Bxc5 72. Kxc5 1-0